Core statutes on company law

This is an expert selection of statutes relating to company law designed to provide an easy-to-use reference whether in the lecture hall or in the examination. It contains the essential materials students need. It is published annually to ensure content is completely up-to-date. It excludes commenta...

Descrizione completa

Salvato in:
Dettagli Bibliografici
Autore principale: Ervine, Cowan
Natura: Libro
Lingua:Undetermined
Pubblicazione: New York Macmillan 2008
Soggetti:
Tags: Aggiungi Tag
Nessun Tag, puoi essere il primo ad aggiungerne! !
Thư viện lưu trữ: Trung tâm Học liệu Trường Đại học Cần Thơ
LEADER 01049nam a2200217Ia 4500
001 CTU_152937
008 210402s9999 xx 000 0 und d
082 |a 346.24066 
082 |b E73 
100 |a Ervine, Cowan 
245 0 |a Core statutes on company law 
245 0 |c Cowan Ervine 
260 |a New York 
260 |b Macmillan 
260 |c 2008 
520 |a This is an expert selection of statutes relating to company law designed to provide an easy-to-use reference whether in the lecture hall or in the examination. It contains the essential materials students need. It is published annually to ensure content is completely up-to-date. It excludes commentary and is therefore ideal for exam use. It is designed to be easy to use under exam conditions. It is compiled by an experienced lecturer 
650 |a Corporation law 
650 |x Luật cổ phần công ty 
650 |z European Union countries.,Liên Minh Châu Âu quốc gia 
904 |i Tuyến 
980 |a Trung tâm Học liệu Trường Đại học Cần Thơ